Taller internacional sistemática y ecología de Ephemeroptera como bioindicador de calidad de agua, memorias (Registro nro. 1654)

Detalles MARC
000 -CABECERA
Campo de control 01292nam a2200301 a 4500
005 - FECHA Y HORA DE LA ULTIMA TRANSACCION
Campo de control 20180803164925.0
008 - ELEMENTOS DE LONGITUD FIJA—INFORMACION GENERAL
Campo de control 140120b1997 ck ||||| |||| 00| 0 spa d
040 ## - FUENTE DE CATALOGACIÓN
Agencia transcriptora CO-BoIH
041 ## - IDIOMA
Código de idioma para texto/pista de sonido o título separado Español
044 ## - PAÍS DE PUBLICACIÓN
País de publicación Colombia
090 ## - CLASIFICACIÓN LOCAL
Colección IAvH
Consecutivo 00013
110 ## - ASIENTO PRINCIPAL--NOMBRE CORPORATIVO
Unidad subordinad Universidad del Valle
111 ## - ASIENTO PRINCIPAL--NOMBRE DE REUNION
Nombre de reunión o de jurisdicción como elemento de entrada Taller Internacional Sistemática y Ecología de Ephemeroptera como Bioindicador de Calidad de Agua
Lugar de la reunión Cali
Fecha de la reunión 1997
245 ## - MENCION DE TITULO
Título Taller internacional sistemática y ecología de Ephemeroptera como bioindicador de calidad de agua, memorias
260 ## - PUBLICACION, DISTRIBUCION, ETC. (PIE DE IMPRENTA)
Lugar de publicación, distribución, etc. Bogotá
Nombre del editor, distribuidor, etc. Instituto Alexander von Humboldt
-- ICN
Fecha de publicación, distribución, etc. 1997
300 ## - DESCRIPCION FISICA
Extensión 710 p.
500 ## - NOTA GENERAL
Nota general Vol.1 Taller Internacional,Sistemática y Ecología de Ephemeroptera<br/>como bioindicador de calidad de agua<br/>Vol. 2 Seminario Internacional, Macroinvertebrados Bentonicos como Bioindicadores de calidad del Agua
650 ## - ASIENTO SECUNDARIO DE MATERIA - TERMINO TEMATICO
Término temático o nombre geográfico como elemento de entrada Ephemeroptera
650 ## - ASIENTO SECUNDARIO DE MATERIA - TERMINO TEMATICO
Término temático o nombre geográfico como elemento de entrada Sistemática
650 ## - ASIENTO SECUNDARIO DE MATERIA - TERMINO TEMATICO
Término temático o nombre geográfico como elemento de entrada Ecología
650 ## - ASIENTO SECUNDARIO DE MATERIA - TERMINO TEMATICO
Término temático o nombre geográfico como elemento de entrada Bioindicadores
650 ## - ASIENTO SECUNDARIO DE MATERIA - TERMINO TEMATICO
Término temático o nombre geográfico como elemento de entrada Especies indicadoras
650 ## - ASIENTO SECUNDARIO DE MATERIA - TERMINO TEMATICO
Término temático o nombre geográfico como elemento de entrada Calidad del agua
662 ## - ASIENTO SECUNDARIO DE MATERIA - JERARQUIA DEL NOMBRE DE LUGAR(
País o entidad mayor Colombia
710 ## - ASIENTO SECUNDARIO - NOMBRE CORPORATIVO
Nombre corporativo o de jurisdicción como elemento de entrada ^aCentro de Investigación en Control de Contaminantes Ambientales CICCA
710 ## - ASIENTO SECUNDARIO - NOMBRE CORPORATIVO
Nombre corporativo o de jurisdicción como elemento de entrada ^aDepartamento de Procesos Químicos y Biológicos
942 ## - ELEMENTOS ADICIONALES (KOHA)
Tipo de ítem Informe Técnico
Sistema de clasificación Local
Existencias
Withdrawn status Lost status Sistema de Clasificación Damaged status No para préstamo Colección Inventariado Ubicación Permanente Ubicación actual Fecha de adquisición Total Checkouts Número topográfico Inventario / Código de Barras Date last seen Ejemplar Price effective from Forma de adquisición Tipo de material
    Local     Humboldt Inventariado 2017 Bogotá Bogotá 14/07/2014   IAVH-00013 003918 09/08/2024 Ej. 1 Vol 1 14/07/2014   Informe Técnico
    Local     Humboldt Inventariado 2017 Bogotá Bogotá 14/07/2014   IAVH-00013 003920 09/08/2024 Ej.1 Vol.2 14/07/2014   Informe Técnico